Request For Approval Of Tax Exemption On Materials & Equipment To Be Procured For The Construction Of Tamale-Walewale Road: Phase 1- Savelegu To Walewale (83Km) (Record no. 4923)

MARC details
000 -LEADER
fixed length control field 00662nam a22001817a 4500
003 - CONTROL NUMBER IDENTIFIER
control field OSt
005 - DATE AND TIME OF LATEST TRANSACTION
control field 20241203111441.0
008 - FIXED-LENGTH DATA ELEMENTS--GENERAL INFORMATION
fixed length control field 241203b |||||||| |||| 00| 0 eng d
041 ## - LANGUAGE CODE
Language code of text/sound track or separate title English
082 ## - DEWEY DECIMAL CLASSIFICATION NUMBER
Classification number PM/TWH/22 Acc No 10548
100 ## - MAIN ENTRY--PERSONAL NAME
Personal name Hon. KEN Ofori-Atta
110 ## - MAIN ENTRY--CORPORATE NAME
Corporate name or jurisdiction name as entry element Minister For Finance
245 ## - TITLE STATEMENT
Title Request For Approval Of Tax Exemption On Materials & Equipment To Be Procured For The Construction Of Tamale-Walewale Road: Phase 1- Savelegu To Walewale (83Km)
260 ## - PUBLICATION, DISTRIBUTION, ETC.
Place of publication, distribution, etc. Accra
Name of publisher, distributor, etc. Parliament Of Ghana
Date of publication, distribution, etc. 2022
300 ## - PHYSICAL DESCRIPTION
Extent 26p:tabs
650 ## - SUBJECT ADDED ENTRY--TOPICAL TERM
Source of heading or term The Construction Of Tamale-Walewale Road: Phase 1- Savelegu To Walewale (83Km)
942 ## - ADDED ENTRY ELEMENTS (KOHA)
Source of classification or shelving scheme Dewey Decimal Classification
Koha item type Memorandum
Suppress in OPAC No
Holdings
Withdrawn status Lost status Source of classification or shelving scheme Damaged status Not for loan Home library Current library Shelving location Date acquired Total checkouts Full call number Date last seen Copy number Price effective from Koha item type
    Dewey Decimal Classification     Main Library Main Library Open Shelves 03/12/2024   PM/TWH/22 Acc No 10548 C3 03/12/2024 3 03/12/2024 Memorandum
©2026  Parliament of Ghana Library - All rights reserved